| 000 | nam a22 a 4500 | ||
|---|---|---|---|
| 999 |
_c123667 _d123667 |
||
| 003 | BLK | ||
| 005 | 20220818095308.0 | ||
| 008 | 180409b bul|||||r ||||||| ||bul|| | ||
| 010 | _aKNG00129329000 | ||
| 040 | _aBLK | ||
| 041 |
_aBUL _cBUL |
||
| 080 |
_aБългарска литература _b821.163.2 _x-32 _z821.163.2-32 |
||
| 100 | 1 |
_aБенадов, Хаим Нисим _eпърви автор _9318338 |
|
| 139 |
_aБенадов, Хаим Нисим _bБ 37 |
||
| 245 | 1 | 0 |
_aВъртележка _bХуморист. разкази _cХаим Нисим Бенадов; * Хаим Нисимов Бенадов. |
| 257 | _aBGR | ||
| 260 |
_aСофия _bБълг. писател _c1974 |
||
| 300 |
_a135 с. _c21см |
||
| 380 | _aX | ||
| 500 | _a8 100 тир. | ||
| 700 | 1 |
_aБенадов, Хаим Нисимов _e* _gБенадов, Хаим Нисим _9377285 |
|
| 852 |
_aЦб 71417 _bЦб |
||
| 856 | 4 | _qpdf | |
| 856 | 4 | _qpdf | |
| 942 |
_cKNG _n0 _s1 |
||
| 944 |
_aCR _c28.03.2012 _l28.03.2012 - от С1,Р / 28.03.2012 _kЕлица_Владова |
||
| 944 |
_aED _c28.03.2012 _l28.03.2012 - от С1,Р / 28.03.2012 |
||
| 999 | _d123667 | ||